Нормален изглед
MARC изглед
- Койчева, Катя Атанасова
Вход 01. Лично име
001 - Контролен номер на записа
- Контролно поле: 281153
003 - Код на организацията, даваща контролен номер
- Контролно поле: BLK
005 - Дата и час на последна промяна на записа
- Контролно поле: 20240612151344.0
008 - Данни с фиксирана дължина – обща информация
- Данни с фиксирана дължина : 180420|| aca||aabn | a|a d
100 ## - ИМЕ НА ЛИЦЕ -ПЪРВИЧНА ИНТЕЛЕКТУАЛНА ОТГОВОРНОСТ
- Лично име: Койчева, Катя Атанасова
- Дати, свързани с автора: 1926 - 1993
- Друга информация: Преводач от руски език
942 ## - Системна служебна употреба
- Koha auth type: PERSO_NAME